000
00282nam a22001097a 4500
082
_a
621.9 WOR'T
100
_a
TATRA
_9
79748
245
_a
WORKSHOP TOOLS FOR THE TRUCKS OUTILS SPECIAUX POURLES VOITURES PEZIALWERLZEUGE
260
_a
CSSR
_b
TATRA
_c
1970
300
_a
21P
942
_c
BK
999
_c
584751
_d
584751